20 tokoh ilmuwan /

Bibliographic Details
Main Author: Siti Ezaleila Mustafa
Format: Book
Published: Selangor: Medium Publications, 2009.
Subjects:
LEADER 00702cam a2200217 7i4500
001 0000012427
005 20151104090000.0
005 ##20151104113400.0
003 ##MY-KlINT
020 # # |a 9789834387419  
039 # 9 |y 201511041134  |z VLOAD 
090 0 0 |a 923.759595   |b SIT 
100 1 # |a Siti Ezaleila Mustafa 
245 1 0 |a 20 tokoh ilmuwan /   |c Siti Ezaleila Mustafa. 
260 # # |a Selangor:   |b Medium Publications,   |c 2009. 
300 # # |a xi, 166 p:   |b ill;   |c 21cm. 
650 # 0 |a Educators --   |x Biography --   |z Malaysia  
650 # 0 |a Scholars --   |x Biography --   |z Malaysia  
745 1 # |a Dua puluh tokoh ilmuwan 
999 |a 0000065879  |b BOOK  |c Main Non-Fiction  |e INTAN BK 
999 |a 0000066142  |b BOOK  |c Main Non-Fiction  |e INTAN BK